书目信息 |
| 题名: |
电子显微镜的世界
|
|
| 作者: | 东升 著 ;董炯明 译 | |
| 分册: | ||
| 出版信息: | 北京 科学出版社 1977 |
|
| 页数: | 135页 | |
| 开本: | 19cm | |
| 丛书名: | ||
| 单 册: | ||
| 中图分类: | TN16-49 | |
| 科图分类: | ||
| 主题词: | 电子显微镜--普及读物 | |
| 电子资源: | ||
| ISBN: | ||
| 000 | 00645nam0 2200229 45 | |
| 001 | 0177003117 | |
| 005 | 20070729174614.41 | |
| 010 | @dCNY0.33 | |
| 100 | @a19951012d1977 em y0chiy0121 ea | |
| 101 | 1 | @achi@cjpn |
| 102 | @aCN@b110000 | |
| 105 | @ay z 000yy | |
| 200 | 10 | @a电子显微镜的世界@Adian zi xian wei jing de shi jie@f(日)东升著@g董炯明译 |
| 210 | @a北京@c科学出版社@d1977 | |
| 215 | @a135页@d19cm | |
| 606 | @a电子显微镜@x普及读物 | |
| 690 | @aTN16-49@v3 | |
| 701 | 0 | @a东升@Adong sheng@4著 |
| 702 | 0 | @a董炯明@Adong jiong ming@4译 |
| 801 | 0 | @aCN@bTSSF@c20070729 |
| 801 | 2 | @aCN@bNLC@c20060719 |
| 905 | @a10447@dTN16-49@e14 | |
| 电子显微镜的世界/(日)东升著/董炯明译.-北京:科学出版社,1977 |
| 135页;19cm |
| ISBN :CNY0.33 |
| ● |
| 相关链接 |
|
|
|
|
正题名:电子显微镜的世界
索取号:TN16-49/14
 
预约/预借
| 序号 | 登录号 | 条形码 | 馆藏地/架位号 | 状态 | 备注 |
| 1 | 0437377 | 204373775 | 密集书库/ [索取号:TN16-49/14] | 在馆 | |
| 2 | 0437862 | 204378627 | 密集书库/ [索取号:TN16-49/14] | 在馆 | |
| 3 | 0437863 | 204378636 | 密集书库/ [索取号:TN16-49/14] | 在馆 | |
| 4 | 0785492 | 207854927 | 密集书库/ [索取号:TN16-49/14] | 在馆 |